000 00592nam a2200229Ia 4500
003 OSt
005 20220926043419.0
006 a|||||r|||| 00| 0
007 ta
008 220923b |||||||| |||| 00| 0 hin d
037 _cGeneral Book
040 _aRTL
_cRTL
_bhin
041 _2hin
_ahin
082 _aV243,4.N6, K6
100 _aNayar Baldev Raj
245 0 _aMinority politics in the Punjab
260 _c1966
300 _a373p
_ccm.
650 _aHistory of Punjab
_9230383
942 _hV243,4.N6, K6
_cGB
_2CC
999 _c672250
_d672250